00226nam a2200097Ia 4500008004100000041000800041100001700049245002700066260002800093365000700121231011s9999 xx 000 0 und d aeng aM. Vygodsky. aMathematical Handbook. bMIR Publishar Moscow. - b12